[Event "ureki2015"]
[Site "?"]
[Date "2015.10.09"]
[Round "5.7"]
[White "Mchedlishvili, Mikheil"]
[Black "Fier, Alexandr"]
[Result "1-0"]
[LiveChessVersion "1.3.1"]
[BlackElo "2624"]
[WhiteElo "2607"]

1. Nf3 {[%clk 1:30:51]} Nf6 {[%clk 1:30:54]} 2. c4 {[%clk 1:30:52]} g6
{[%clk 1:30:58]} 3. Nc3 {[%clk 1:30:45]} Bg7 {[%clk 1:30:34]} 4. e4
{[%clk 1:30:24]} O-O {[%clk 1:30:56]} 5. d4 {[%clk 1:30:30]} d6 {[%clk 1:31:22]}
6. Be2 {[%clk 1:27:34]} e5 {[%clk 1:31:34]} 7. O-O {[%clk 1:26:27]} Nc6
{[%clk 1:32:00]} 8. Be3 {[%clk 1:26:21]} exd4 {[%clk 1:24:49]} 9. Nxd4
{[%clk 1:26:18]} Re8 {[%clk 1:25:16]} 10. f3 {[%clk 1:26:06]} Nh5
{[%clk 1:25:41]} 11. Qd2 {[%clk 1:20:33]} Nf4 {[%clk 1:21:55]} 12. Rfd1
{[%clk 1:18:03]} Bxd4 {[%clk 1:20:09]} 13. Bxd4 {[%clk 1:18:24]} Nxd4
{[%clk 1:20:36]} 14. Qxf4 {[%clk 1:12:55]} Nxe2+ {[%clk 1:14:14]} 15. Nxe2
{[%clk 1:13:18]} Qe7 {[%clk 1:14:38]} 16. Nc3 {[%clk 1:12:13]} Be6
{[%clk 1:15:01]} 17. b3 {[%clk 1:08:58]} Kg7 {[%clk 1:14:28]} 18. Rac1
{[%clk 1:08:16]} Qf6 {[%clk 1:13:43]} 19. Qe3 {[%clk 1:06:30]} a6
{[%clk 1:09:26]} 20. f4 {[%clk 1:03:22]} Rad8 {[%clk 1:06:07]} 21. Rd3
{[%clk 0:58:52]} c6 {[%clk 1:02:43]} 22. Rcd1 {[%clk 0:49:40]} Bg4
{[%clk 1:02:05]} 23. R1d2 {[%clk 0:48:42]} b5 {[%clk 1:02:11]} 24. Qd4
{[%clk 0:40:06]} Qxd4+ {[%clk 0:45:02]} 25. Rxd4 {[%clk 0:40:12]} Rc8
{[%clk 0:45:30]} 26. Kf2 {[%clk 0:31:38]} Rc7 {[%clk 0:39:21]} 27. Rxd6
{[%clk 0:21:44]} bxc4 {[%clk 0:33:50]} 28. bxc4 {[%clk 0:21:27]} Be6
{[%clk 0:34:17]} 29. c5 {[%clk 0:19:58]} Rb8 {[%clk 0:34:09]} 30. Ne2
{[%clk 0:17:36]} Rb4 {[%clk 0:29:19]} 31. Nd4 {[%clk 0:17:19]} Bd7
{[%clk 0:29:45]} 32. f5 {[%clk 0:12:24]} gxf5 {[%clk 0:29:14]} 33. Rxd7
{[%clk 0:12:41]} 1-0

[Event "ureki2015"]
[Site "?"]
[Date "2015.10.09"]
[Round "5.8"]
[White "Jojua, Davit"]
[Black "Gagunashvili, Merab"]
[Result "1/2-1/2"]
[LiveChessVersion "1.3.1"]
[BlackElo "2553"]
[WhiteElo "2580"]

1. d4 {[%clk 1:30:02]} d5 {[%clk 1:30:55]} 2. c4 {[%clk 1:30:18]} c6
{[%clk 1:31:22]} 3. cxd5 {[%clk 1:30:20]} cxd5 {[%clk 1:31:46]} 4. Nc3
{[%clk 1:30:47]} Nf6 {[%clk 1:32:02]} 5. Bf4 {[%clk 1:31:07]} Nc6
{[%clk 1:32:17]} 6. e3 {[%clk 1:31:30]} a6 {[%clk 1:31:22]} 7. Bd3
{[%clk 1:31:15]} Bg4 {[%clk 1:30:34]} 8. Nge2 {[%clk 1:31:39]} e6
{[%clk 1:29:31]} 9. O-O {[%clk 1:31:58]} Be7 {[%clk 1:28:27]} 10. Rc1
{[%clk 1:32:04]} O-O {[%clk 1:28:09]} 11. Na4 {[%clk 1:32:03]} Nd7
{[%clk 1:07:12]} 12. a3 {[%clk 1:32:12]} Bh5 {[%clk 1:05:39]} 13. Bg3
{[%clk 1:25:56]} Bg6 {[%clk 0:57:18]} 14. Nf4 {[%clk 1:24:03]} Bxd3
{[%clk 0:56:29]} 15. Nxd3 {[%clk 1:24:15]} Rc8 {[%clk 0:56:17]} 16. b4
{[%clk 1:10:34]} Bh4 {[%clk 0:40:28]} 17. Bd6 {[%clk 0:35:13]} Be7
{[%clk 0:40:41]} 18. Bf4 {[%clk 0:35:00]} Bg5 {[%clk 0:39:14]} 19. Bd6
{[%clk 0:34:19]} Be7 {[%clk 0:39:38]} 20. Bf4 {[%clk 0:34:44]} Bg5
{[%clk 0:40:03]} 21. Bxg5 {[%clk 0:35:05]} Qxg5 {[%clk 0:40:27]} 22. Nac5
{[%clk 0:35:25]} Nxc5 {[%clk 0:40:37]} 23. bxc5 {[%clk 0:35:45]} Qe7
{[%clk 0:40:38]} 24. Qa4 {[%clk 0:30:47]} Rfd8 {[%clk 0:34:08]} 25. Rb1
{[%clk 0:27:21]} Rc7 {[%clk 0:33:55]} 26. Nb4 {[%clk 0:23:38]} e5
{[%clk 0:28:22]} 27. Rfd1 {[%clk 0:18:17]} exd4 {[%clk 0:26:55]} 28. exd4
{[%clk 0:18:29]} Qd7 {[%clk 0:25:20]} 29. Nxc6 {[%clk 0:16:45]} Rxc6
{[%clk 0:25:45]} 30. Re1 {[%clk 0:16:27]} Rc7 {[%clk 0:20:07]} 31. Qa5
{[%clk 0:10:02]} Rcc8 {[%clk 0:15:58]} 32. Qb6 {[%clk 0:09:30]} Re8
{[%clk 0:14:36]} 33. h3 {[%clk 0:09:00]} Rxe1+ {[%clk 0:13:38]} 34. Rxe1
{[%clk 0:09:29]} h6 {[%clk 0:12:39]} 35. Re5 {[%clk 0:07:17]} Kf8
{[%clk 0:12:03]} 36. Qb3 {[%clk 0:04:58]} Rd8 {[%clk 0:12:16]} 37. a4
{[%clk 0:04:04]} f6 {[%clk 0:11:49]} 38. Re1 {[%clk 0:04:19]} Re8
{[%clk 0:11:55]} 39. Rb1 {[%clk 0:03:44]} Re7 {[%clk 0:12:15]} 40. a5
{[%clk 0:31:05]} Qf5 {[%clk 0:41:35]} 41. Qb4 {[%clk 0:22:34]} 1/2-1/2

[Event "ureki2015"]
[Site "?"]
[Date "2015.10.09"]
[Round "5.9"]
[White "Sanikidze, Tornike"]
[Black "Maghalashvili, Davit"]
[Result "0-1"]
[LiveChessVersion "1.3.1"]
[BlackElo "2504"]
[WhiteElo "2527"]

1. d4 {[%clk 1:30:50]} d5 {[%clk 1:30:56]} 2. c4 {[%clk 1:31:04]} e6
{[%clk 1:31:21]} 3. Nc3 {[%clk 1:31:24]} Be7 {[%clk 1:31:43]} 4. Bf4
{[%clk 1:31:44]} Nf6 {[%clk 1:32:01]} 5. e3 {[%clk 1:32:07]} O-O {[%clk 1:32:25]}
6. a3 {[%clk 1:32:21]} Nbd7 {[%clk 1:28:08]} 7. Nb5 {[%clk 1:32:20]} Ne8
{[%clk 1:28:25]} 8. Nf3 {[%clk 1:32:45]} dxc4 {[%clk 1:26:26]} 9. Bxc4
{[%clk 1:32:53]} a6 {[%clk 1:26:54]} 10. Nc3 {[%clk 1:33:12]} b5 {[%clk 1:27:11]}
11. Bd3 {[%clk 0:51:31]} Bb7 {[%clk 1:25:46]} 12. b4 {[%clk 0:49:33]} a5
{[%clk 1:25:02]} 13. Rb1 {[%clk 0:48:58]} axb4 {[%clk 1:25:19]} 14. axb4
{[%clk 0:49:23]} Bxf3 {[%clk 1:24:32]} 15. Qxf3 {[%clk 0:39:59]} Ra3
{[%clk 1:24:18]} 16. Kd2 {[%clk 0:40:10]} e5 {[%clk 1:03:34]} 17. Bxe5
{[%clk 0:38:27]} Nxe5 {[%clk 1:02:27]} 18. dxe5 {[%clk 0:38:52]} c5
{[%clk 1:01:21]} 19. Qe4 {[%clk 0:35:17]} g6 {[%clk 0:59:33]} 20. bxc5
{[%clk 0:35:31]} Nc7 {[%clk 0:58:08]} 21. Qb4 {[%clk 0:27:50]} Qa8
{[%clk 0:57:40]} 22. Be4 {[%clk 0:28:14]} Qa7 {[%clk 0:57:03]} 23. Nxb5
{[%clk 0:27:33]} Nxb5 {[%clk 0:56:50]} 24. Qxb5 {[%clk 0:27:58]} Bxc5
{[%clk 0:56:32]} 25. Rb3 {[%clk 0:20:16]} Ra2+ {[%clk 0:53:12]} 26. Bc2
{[%clk 0:10:24]} Rd8+ {[%clk 0:47:03]} 27. Rd3 {[%clk 0:10:20]} Rxc2+
{[%clk 0:42:07]} 28. Kxc2 {[%clk 0:10:28]} Qa2+ {[%clk 0:42:30]} 29. Kd1
{[%clk 0:05:41]} Rxd3+ {[%clk 0:32:14]} 30. Qxd3 {[%clk 0:06:07]} Qa1+
{[%clk 0:32:39]} 31. Ke2 {[%clk 0:06:34]} Qxh1 {[%clk 0:33:03]} 32. e6
{[%clk 0:07:04]} Qxg2 {[%clk 0:29:47]} 33. exf7+ {[%clk 0:07:07]} Kf8
{[%clk 0:24:24]} 34. Qd7 {[%clk 0:00:42]} Qa8 {[%clk 0:24:23]} 35. h4
{[%clk 0:01:03]} Be7 {[%clk 0:16:13]} 36. h5 {[%clk 0:00:34]} Qa2+
{[%clk 0:11:34]} 37. Kf1 {[%clk 0:00:52]} Qc4+ {[%clk 0:08:36]} 38. Kg1
{[%clk 0:01:14]} Kxf7 {[%clk 0:08:25]} 39. hxg6+ {[%clk 0:01:38]} hxg6
{[%clk 0:08:47]} 40. Qh3 {[%clk 0:30:43]} Qe4 {[%clk 0:37:36]} 41. Qh7+
{[%clk 0:28:44]} Kf6 {[%clk 0:36:11]} 42. Qh8+ {[%clk 0:28:40]} Kg5
{[%clk 0:35:04]} 43. Qe8 {[%clk 0:28:38]} Kg4 {[%clk 0:29:18]} 44. Qd7+
{[%clk 0:29:07]} Kh4 {[%clk 0:28:40]} 45. Kh2 {[%clk 0:29:36]} Kg5
{[%clk 0:25:22]} 46. Qc7 {[%clk 0:26:06]} Bf6 {[%clk 0:21:42]} 47. Kg1
{[%clk 0:26:00]} Kh5 {[%clk 0:18:28]} 48. Qh7+ {[%clk 0:24:13]} Kg4
{[%clk 0:17:11]} 49. Qd7+ {[%clk 0:23:44]} Qf5 {[%clk 0:15:12]} 50. Qc6
{[%clk 0:21:27]} Bh4 {[%clk 0:11:30]} 51. Qc4+ {[%clk 0:21:53]} Kh5
{[%clk 0:11:33]} 52. Qa2 {[%clk 0:22:22]} Qe4 {[%clk 0:09:08]} 53. Qf7
{[%clk 0:19:34]} Qg4+ {[%clk 0:05:11]} 54. Kf1 {[%clk 0:16:27]} Qf5
{[%clk 0:04:54]} 55. Qa2 {[%clk 0:06:24]} Kg4 {[%clk 0:04:07]} 56. Qc4+
{[%clk 0:03:51]} Kh3 {[%clk 0:03:35]} 57. f4 {[%clk 0:03:26]} Qh5
{[%clk 0:01:24]} 58. Qe6+ {[%clk 0:03:29]} Kg3 {[%clk 0:01:14]} 59. Ke1
{[%clk 0:03:33]} Kf3+ {[%clk 0:01:21]} 60. Kd1 {[%clk 0:00:57]} Qf5
{[%clk 0:01:32]} 61. Qb3 {[%clk 0:00:33]} Bf2 {[%clk 0:00:47]} 62. Qb7+
{[%clk 0:00:32]} Kxe3 {[%clk 0:00:44]} 63. Qb6+ {[%clk 0:00:36]} Kf3
{[%clk 0:01:02]} 64. Qb3+ {[%clk 0:00:46]} Be3 {[%clk 0:01:19]} 65. Qb7+
{[%clk 0:00:32]} Qe4 {[%clk 0:01:29]} 0-1

[Event "ureki2015"]
[Site "?"]
[Date "2015.10.09"]
[Round "5.10"]
[White "Mikadze, Miranda"]
[Black "Tsatsalashvili, Keti"]
[Result "1/2-1/2"]
[LiveChessVersion "1.3.1"]
[BlackElo "2266"]
[WhiteElo "2245"]

1. d4 {[%clk 1:30:53]} Nf6 {[%clk 1:30:16]} 2. Nf3 {[%clk 1:31:17]} e6
{[%clk 1:30:15]} 3. Bf4 {[%clk 1:31:40]} c5 {[%clk 1:30:22]} 4. e3
{[%clk 1:31:37]} Nc6 {[%clk 1:30:02]} 5. dxc5 {[%clk 1:24:55]} Bxc5
{[%clk 1:27:18]} 6. Be2 {[%clk 1:25:10]} d5 {[%clk 1:25:47]} 7. O-O
{[%clk 1:25:19]} O-O {[%clk 1:25:30]} 8. c4 {[%clk 1:25:28]} a6 {[%clk 1:24:06]}
9. Nc3 {[%clk 1:22:02]} dxc4 {[%clk 1:22:27]} 10. Bxc4 {[%clk 1:22:25]} b5
{[%clk 1:22:06]} 11. Bb3 {[%clk 1:20:23]} Bb7 {[%clk 1:20:22]} 12. Rc1
{[%clk 1:19:30]} Qxd1 {[%clk 1:10:11]} 13. Rfxd1 {[%clk 1:19:14]} Be7
{[%clk 1:09:13]} 14. Bc7 {[%clk 1:04:09]} Rac8 {[%clk 1:06:28]} 15. Bb6
{[%clk 1:04:33]} Bd8 {[%clk 1:05:07]} 16. Bxd8 {[%clk 0:58:40]} Rfxd8
{[%clk 1:04:43]} 17. Rxd8+ {[%clk 0:57:37]} Rxd8 {[%clk 1:03:31]} 18. Rd1
{[%clk 0:56:50]} Rxd1+ {[%clk 1:03:29]} 19. Bxd1 {[%clk 0:56:18]} Kf8
{[%clk 1:03:43]} 20. Kf1 {[%clk 0:56:22]} Ke7 {[%clk 1:04:01]} 21. Ke2
{[%clk 0:56:00]} Nd7 {[%clk 1:02:36]} 22. Nd2 {[%clk 0:49:22]} h6
{[%clk 0:59:58]} 23. f3 {[%clk 0:48:32]} Na5 {[%clk 0:55:46]} 24. Bc2
{[%clk 0:37:42]} Ne5 {[%clk 0:52:01]} 25. Be4 {[%clk 0:27:51]} Bxe4
{[%clk 0:50:34]} 26. Ncxe4 {[%clk 0:28:06]} Nd7 {[%clk 0:49:53]} 27. f4
{[%clk 0:11:49]} f5 {[%clk 0:45:47]} 28. Nf2 {[%clk 0:12:08]} e5 {[%clk 0:44:46]}
29. fxe5 {[%clk 0:08:51]} Nxe5 {[%clk 0:45:08]} 30. g3 {[%clk 0:03:41]} Nac6
{[%clk 0:42:28]} 31. e4 {[%clk 0:03:05]} 1/2-1/2

[Event "ureki2015"]
[Site "?"]
[Date "2015.10.09"]
[Round "5.11"]
[White "Keleptrishvili, Irakli"]
[Black "Sibashvili, Giorgi"]
[Result "0-1"]
[LiveChessVersion "1.3.1"]
[BlackElo "2367"]
[WhiteElo "2162"]

1. e4 {[%clk 1:30:27]} e6 {[%clk 1:27:45]} 2. d4 {[%clk 1:30:41]} d5
{[%clk 1:28:10]} 3. Nd2 {[%clk 1:31:00]} Nf6 {[%clk 1:27:27]} 4. e5
{[%clk 1:31:25]} Nfd7 {[%clk 1:27:54]} 5. Bd3 {[%clk 1:31:51]} c5
{[%clk 1:28:21]} 6. c3 {[%clk 1:32:18]} b6 {[%clk 1:28:48]} 7. Nh3
{[%clk 1:30:40]} Ba6 {[%clk 1:28:26]} 8. Bxa6 {[%clk 1:29:50]} Nxa6
{[%clk 1:28:49]} 9. O-O {[%clk 1:29:19]} Qc8 {[%clk 1:22:04]} 10. Nf4
{[%clk 1:20:06]} cxd4 {[%clk 1:20:46]} 11. cxd4 {[%clk 1:19:50]} Nb4
{[%clk 1:21:02]} 12. Nf3 {[%clk 1:15:35]} a5 {[%clk 1:05:07]} 13. a3
{[%clk 1:05:31]} Nc6 {[%clk 1:05:08]} 14. Nh5 {[%clk 1:05:29]} a4
{[%clk 0:59:58]} 15. Qd2 {[%clk 0:49:43]} Na5 {[%clk 0:41:34]} 16. Qg5
{[%clk 0:43:37]} Rg8 {[%clk 0:39:42]} 17. Qf4 {[%clk 0:35:54]} h6
{[%clk 0:29:19]} 18. Bd2 {[%clk 0:34:43]} Nb3 {[%clk 0:26:39]} 19. Rab1
{[%clk 0:33:52]} g6 {[%clk 0:21:39]} 20. Nf6+ {[%clk 0:32:29]} Nxf6
{[%clk 0:21:47]} 21. exf6 {[%clk 0:32:40]} g5 {[%clk 0:21:36]} 22. Qe3
{[%clk 0:27:41]} Qc2 {[%clk 0:21:09]} 23. Rfd1 {[%clk 0:24:20]} Bd6
{[%clk 0:17:15]} 24. Ne5 {[%clk 0:19:28]} Nxd2 {[%clk 0:15:15]} 25. Qxd2
{[%clk 0:19:42]} Qxd2 {[%clk 0:15:40]} 26. Rxd2 {[%clk 0:20:08]} Bxe5
{[%clk 0:16:06]} 27. dxe5 {[%clk 0:20:33]} Kd7 {[%clk 0:16:19]} 28. g3
{[%clk 0:05:18]} Rgc8 {[%clk 0:14:11]} 29. b3 {[%clk 0:05:25]} Rc6
{[%clk 0:12:19]} 30. Rd4 {[%clk 0:03:15]} axb3 {[%clk 0:10:24]} 31. Rxb3
{[%clk 0:03:44]} Kc7 {[%clk 0:05:43]} 32. h4 {[%clk 0:02:35]} Rc4
{[%clk 0:04:01]} 33. Rxc4+ {[%clk 0:03:01]} dxc4 {[%clk 0:04:29]} 34. Rb4
{[%clk 0:03:30]} b5 {[%clk 0:04:52]} 35. hxg5 {[%clk 0:03:28]} Kc6
{[%clk 0:02:22]} 36. a4 {[%clk 0:03:10]} bxa4 {[%clk 0:02:24]} 37. Rxc4+
{[%clk 0:02:45]} Kd5 {[%clk 0:02:43]} 38. Rc1 {[%clk 0:03:00]} hxg5
{[%clk 0:03:06]} 39. f4 {[%clk 0:03:11]} gxf4 {[%clk 0:03:10]} 40. gxf4
{[%clk 0:33:40]} Ke4 {[%clk 0:33:22]} 41. Rf1 {[%clk 0:33:59]} a3
{[%clk 0:32:54]} 42. f5 {[%clk 0:33:29]} a2 {[%clk 0:33:14]} 0-1

[Event "ureki2015"]
[Site "?"]
[Date "2015.10.09"]
[Round "5.12"]
[White "Kuchava, Ana"]
[Black "Unapkoshvili, Nani"]
[Result "0-1"]
[LiveChessVersion "1.3.1"]
[BlackElo "2042"]
[WhiteElo "2095"]

1. d4 {[%clk 1:30:53]} Nf6 {[%clk 1:30:36]} 2. Nf3 {[%clk 1:31:17]} d5
{[%clk 1:30:53]} 3. c4 {[%clk 1:31:39]} e6 {[%clk 1:31:18]} 4. Nc3
{[%clk 1:31:33]} Bb4 {[%clk 1:31:39]} 5. Qa4+ {[%clk 1:26:53]} Nc6
{[%clk 1:32:00]} 6. e3 {[%clk 1:27:07]} O-O {[%clk 1:27:25]} 7. Qc2
{[%clk 1:27:10]} Ne4 {[%clk 1:26:59]} 8. a3 {[%clk 1:26:08]} Bxc3+
{[%clk 1:26:58]} 9. bxc3 {[%clk 1:26:37]} b6 {[%clk 1:21:11]} 10. cxd5
{[%clk 1:18:08]} exd5 {[%clk 1:21:09]} 11. Bd3 {[%clk 1:17:54]} Re8
{[%clk 1:09:22]} 12. O-O {[%clk 1:17:26]} Na5 {[%clk 1:02:55]} 13. Nd2
{[%clk 1:04:24]} Qe7 {[%clk 0:58:58]} 14. f3 {[%clk 0:53:42]} Nxd2
{[%clk 0:43:44]} 15. Bxd2 {[%clk 0:54:06]} h6 {[%clk 0:43:14]} 16. e4
{[%clk 0:35:07]} Bb7 {[%clk 0:34:12]} 17. e5 {[%clk 0:33:45]} c5 {[%clk 0:33:53]}
18. Kh1 {[%clk 0:29:47]} Rac8 {[%clk 0:31:49]} 19. Qa2 {[%clk 0:29:07]} Qd7
{[%clk 0:22:13]} 20. Rab1 {[%clk 0:27:55]} Qe7 {[%clk 0:20:53]} 21. Rbe1 Nc4
{[%clk 0:16:10]} 22. Bc1 {[%clk 0:24:16]} cxd4 {[%clk 0:14:55]} 23. cxd4
{[%clk 0:24:40]} Rc7 {[%clk 0:14:45]} 24. f4 {[%clk 0:24:22]} Qh4
{[%clk 0:13:33]} 25. Bb1 {[%clk 0:16:54]} Bc8 {[%clk 0:11:37]} 26. Qc2
{[%clk 0:08:35]} g6 {[%clk 0:12:03]} 27. Qa2 {[%clk 0:08:10]} Bf5
{[%clk 0:10:16]} 28. Bxf5 {[%clk 0:08:17]} gxf5 {[%clk 0:10:45]} 29. Qb1
{[%clk 0:08:09]} Qh5 {[%clk 0:09:28]} 30. Qb5 {[%clk 0:05:27]} Rd8
{[%clk 0:09:46]} 31. a4 {[%clk 0:01:01]} Kh7 {[%clk 0:07:08]} 32. h3
{[%clk 0:00:39]} Qg6 {[%clk 0:05:08]} 33. Rg1 {[%clk 0:00:37]} h5
{[%clk 0:05:03]} 34. Kh2 {[%clk 0:00:55]} Qe6 {[%clk 0:02:14]} 35. Qb1
{[%clk 0:01:19]} Rg8 {[%clk 0:02:22]} 36. g4 {[%clk 0:00:37]} hxg4
{[%clk 0:02:50]} 37. Rxg4 {[%clk 0:00:59]} Rg6 {[%clk 0:02:32]} 38. Rh4+
{[%clk 0:01:11]} Kg7 {[%clk 0:02:27]} 39. Rh5 {[%clk 0:01:30]} Nd6
{[%clk 0:02:22]} 40. Ba3 {[%clk 0:30:35]} Ne4 {[%clk 0:32:34]} 41. Qb2
{[%clk 0:15:57]} Qc8 {[%clk 0:31:26]} 42. Rc1 {[%clk 0:15:06]} Rxc1
{[%clk 0:26:14]} 43. Qxc1 {[%clk 0:15:32]} Qa6 {[%clk 0:26:23]} 44. Qd1
{[%clk 0:11:50]} Qc4 {[%clk 0:25:32]} 45. Bb2 {[%clk 0:11:40]} Qb4
{[%clk 0:21:33]} 46. Qc1 {[%clk 0:08:47]} Qb3 {[%clk 0:21:21]} 47. Rg5
{[%clk 0:07:54]} Rxg5 {[%clk 0:21:31]} 48. fxg5 {[%clk 0:08:10]} Qg3+
{[%clk 0:21:58]} 0-1

[Event "ureki2015"]
[Site "?"]
[Date "2015.10.09"]
[Round "5.13"]
[White "Gelashvili, Tamaz"]
[Black "Morchiashvili, Bachana"]
[Result "1-0"]
[LiveChessVersion "1.3.1"]
[BlackElo "2331"]
[WhiteElo "2570"]

1. e4 {[%clk 1:30:55]} c5 {[%clk 1:30:53]} 2. b3 {[%clk 1:31:20]} a6
{[%clk 1:31:07]} 3. Bb2 {[%clk 1:31:33]} Nc6 {[%clk 1:31:09]} 4. f4
{[%clk 1:31:23]} d6 {[%clk 1:30:25]} 5. Nf3 {[%clk 1:31:20]} Nf6 {[%clk 1:30:28]}
6. d3 {[%clk 1:31:06]} e6 {[%clk 1:29:32]} 7. g3 {[%clk 1:31:16]} Be7
{[%clk 1:26:56]} 8. Bg2 {[%clk 1:31:40]} O-O {[%clk 1:27:06]} 9. Nbd2
{[%clk 1:31:44]} b5 {[%clk 1:24:59]} 10. Qe2 {[%clk 1:31:45]} Bb7
{[%clk 1:25:06]} 11. O-O {[%clk 1:27:35]} Qc7 {[%clk 1:23:40]} 12. e5
{[%clk 1:25:25]} dxe5 {[%clk 1:21:00]} 13. fxe5 {[%clk 1:24:49]} Nd7
{[%clk 1:20:32]} 14. a3 {[%clk 1:24:42]} Rac8 {[%clk 1:19:52]} 15. Rae1
{[%clk 1:22:39]} Nd4 {[%clk 1:18:14]} 16. Qd1 {[%clk 1:19:24]} Nxf3+
{[%clk 1:16:58]} 17. Bxf3 {[%clk 1:19:40]} Bxf3 {[%clk 1:06:45]} 18. Qxf3
{[%clk 1:19:20]} c4 {[%clk 1:04:49]} 19. dxc4 {[%clk 1:18:59]} Qb6+
{[%clk 1:02:01]} 20. Kg2 {[%clk 1:13:24]} bxc4 {[%clk 1:02:12]} 21. b4
{[%clk 1:13:13]} Qc6 {[%clk 0:51:16]} 22. Ne4 {[%clk 1:12:46]} Nb6
{[%clk 0:51:02]} 23. Bd4 {[%clk 1:12:12]} Nd5 {[%clk 0:50:30]} 24. c3
{[%clk 1:11:46]} a5 {[%clk 0:44:34]} 25. Kg1 {[%clk 1:11:06]} axb4
{[%clk 0:43:20]} 26. axb4 {[%clk 1:11:31]} Kh8 {[%clk 0:32:46]} 27. Qh5
{[%clk 0:59:46]} Qd7 {[%clk 0:28:03]} 28. Nf6 {[%clk 0:50:20]} Bxf6
{[%clk 0:25:15]} 29. exf6 {[%clk 0:50:20]} g6 {[%clk 0:25:41]} 30. Qg5
{[%clk 0:50:24]} Rfd8 {[%clk 0:20:54]} 31. Re4 {[%clk 0:45:04]} Qe8
{[%clk 0:20:49]} 32. Rfe1 {[%clk 0:35:08]} Nc7 {[%clk 0:19:36]} 33. Be5
{[%clk 0:32:16]} Nb5 {[%clk 0:16:51]} 34. Rh4 {[%clk 0:32:13]} Nd6
{[%clk 0:15:17]} 35. Qxg6 {[%clk 0:30:47]} Qg8 {[%clk 0:15:28]} 36. Qh5
{[%clk 0:27:29]} Nf5 {[%clk 0:15:49]} 37. Rg4 {[%clk 0:27:44]} Qe8
{[%clk 0:16:16]} 38. Rf1 {[%clk 0:24:54]} Qd7 {[%clk 0:16:37]} 39. Bd4
{[%clk 0:25:00]} Nxd4 {[%clk 0:14:27]} 40. cxd4 {[%clk 0:53:44]} 1-0

[Event "ureki2015"]
[Site "?"]
[Date "2015.10.09"]
[Round "5.14"]
[White "Chkhaidze, Nikoloz"]
[Black "Paichadze, Luka"]
[Result "0-1"]
[LiveChessVersion "1.3.1"]
[BlackElo "2568"]
[WhiteElo "2323"]

1. Nf3 {[%clk 1:30:58]} e6 {[%clk 1:30:50]} 2. c4 {[%clk 1:31:04]} f5
{[%clk 1:31:15]} 3. g3 {[%clk 1:30:52]} Nf6 {[%clk 1:31:15]} 4. Bg2
{[%clk 1:31:16]} d5 {[%clk 1:31:41]} 5. d4 {[%clk 1:31:24]} c6 {[%clk 1:31:51]}
6. O-O {[%clk 1:31:45]} Bd6 {[%clk 1:32:18]} 7. b3 {[%clk 1:32:08]} Qe7
{[%clk 1:32:43]} 8. a4 {[%clk 1:32:34]} O-O {[%clk 1:30:55]} 9. Ba3
{[%clk 1:32:58]} Bxa3 {[%clk 1:28:03]} 10. Nxa3 {[%clk 1:33:24]} Nbd7
{[%clk 1:27:26]} 11. Nc2 {[%clk 1:32:53]} Rd8 {[%clk 1:22:45]} 12. Qc1
{[%clk 1:32:22]} a5 {[%clk 1:15:58]} 13. Nce1 {[%clk 1:25:31]} b6
{[%clk 1:06:23]} 14. Nd3 {[%clk 1:23:11]} Ba6 {[%clk 1:03:17]} 15. Nfe5
{[%clk 1:23:13]} Rac8 {[%clk 1:02:09]} 16. Qb2 {[%clk 1:22:16]} Nxe5
{[%clk 0:52:59]} 17. Nxe5 {[%clk 1:22:11]} Nd7 {[%clk 0:47:48]} 18. cxd5
{[%clk 1:11:42]} Nxe5 {[%clk 0:46:17]} 19. dxe5 {[%clk 1:12:08]} cxd5
{[%clk 0:46:40]} 20. Rfc1 {[%clk 1:12:00]} Qb4 {[%clk 0:41:19]} 21. e3
{[%clk 0:57:49]} Rc5 {[%clk 0:37:22]} 22. Rxc5 {[%clk 0:56:45]} bxc5
{[%clk 0:37:48]} 23. Qc2 {[%clk 0:56:24]} h6 {[%clk 0:20:28]} 24. h3
{[%clk 0:56:12]} c4 {[%clk 0:19:44]} 25. bxc4 {[%clk 0:50:36]} dxc4
{[%clk 0:19:57]} 26. Rc1 {[%clk 0:47:39]} Rd2 {[%clk 0:18:05]} 27. Qc3
{[%clk 0:48:01]} Rd1+ {[%clk 0:17:08]} 28. Bf1 {[%clk 0:47:46]} Qxc3
{[%clk 0:17:22]} 29. Rxc3 {[%clk 0:48:11]} Ra1 {[%clk 0:17:46]} 30. f4
{[%clk 0:36:05]} Rxa4 {[%clk 0:18:10]} 31. Kf2 {[%clk 0:36:19]} Rb4
{[%clk 0:17:53]} 32. Ke2 {[%clk 0:34:09]} Bb7 {[%clk 0:14:40]} 33. Kd2
{[%clk 0:33:52]} Bd5 {[%clk 0:15:05]} 34. Be2 {[%clk 0:33:45]} a4
{[%clk 0:13:03]} 35. Bd1 {[%clk 0:33:51]} Rb3 {[%clk 0:10:17]} 36. Bxb3
{[%clk 0:21:15]} cxb3 {[%clk 0:10:40]} 37. e4 {[%clk 0:20:59]} a3
{[%clk 0:02:23]} 38. exd5 {[%clk 0:21:15]} a2 {[%clk 0:02:49]} 39. d6
{[%clk 0:19:04]} a1=Q {[%clk 0:03:07]} 40. Rxb3 {[%clk 0:48:24]} Qa5+
{[%clk 0:31:44]} 41. Kc2 {[%clk 0:46:43]} Qa4 {[%clk 0:29:43]} 42. h4
{[%clk 0:22:51]} g5 {[%clk 0:28:55]} 43. hxg5 {[%clk 0:22:51]} hxg5
{[%clk 0:29:21]} 44. fxg5 {[%clk 0:23:10]} Kf7 {[%clk 0:25:29]} 45. Kb2
{[%clk 0:23:11]} Qd4+ {[%clk 0:25:45]} 46. Kc2 {[%clk 0:23:09]} Qxe5
{[%clk 0:24:52]} 47. Rd3 {[%clk 0:23:16]} Ke8 {[%clk 0:24:57]} 0-1